000 00286nam a2200121Ia 4500
008 190216s9999||||xx |||||||||||||| ||und||
100 _aVasudevan Nair M T
245 0 _aAsuravithu-English
260 _bKerala Sahithya Academy
_c1981
300 _a345p
650 _aNovel
942 _cBK
999 _c13974
_d13974